Historia general del derecho

保存先:
書誌詳細
第一著者: Iribarren, Juan Antonio (著者)
フォーマット: 図書
言語:スペイン語
出版事項: Santiago Nascimento 1938
主題:
タグ: タグ追加
タグなし, このレコードへの初めてのタグを付けませんか!

MARC

LEADER 00000nam a2200000 a 4500
001 UCR4399
003 CL-VaPUC
008 980307e19380000CL |||||||||||||||||spa|d
082 0 4 |a 340.09  |b IRI  |2 21 
100 |a Iribarren, Juan Antonio  |e author  |9 404438 
245 1 0 |a Historia general del derecho 
300 |a 468 p 
942 |c BK 
945 |d 19980307 00:00:00  |a aolguin 
260 |a Santiago  |b Nascimento  |c 1938 
650 0 |a Historia del derecho  |9 255109 
650 7 |a MORFOLOGIA DEL DERECHO  |2 CL-VaPUC  |9 404439 
650 0 |a Fuentes del derecho   |9 255162 
650 0 |a Teoría de la ley  |9 354245 
650 0 |a Formación de la ley  |9 337922 
650 0 |a Ley natural  |9 321617 
650 0 |a Justicia   |9 255408 
650 0 |a Derecho público   |9 255910 
650 0 |a Derecho administrativo  |9 254851 
651 7 |a CHILE  |2 CL-VaPUC  |9 404440 
651 0 |a España  |9 254926 
583 |a last modification  |c 19980307 00:00:00  |k Rodrigo Vera 
999 |c 267342  |d 267340 
952 |0 0  |1 0  |4 0  |6 340_090000000000000_IRI_1938  |7 0  |8 DER_HDC  |9 299622  |a BIBDER  |b BIBDER  |d 2019-11-20  |i 1953362  |l 1  |o 340.09 IRI 1938  |p 1953362  |r 2023-01-25  |s 2020-03-12  |w 2019-11-20  |x Ubicación 4to Piso  |y BK  |z Estos recursos deben solicitarse con anticipación  |k DER